| 000 | 01698nam a2200361 i 4500 | ||
|---|---|---|---|
| 003 | DO-SdBNP | ||
| 005 | 20250916101135.0 | ||
| 007 | ta | ||
| 008 | 211019b2019 dr a|||| |||| 00| 0 spa d | ||
| 020 | _a9789945169607 | ||
| 040 |
_aDO-SdBNP _bspa _cBNPHU _erda |
||
| 041 | _aspa | ||
| 082 | 4 |
_aRD860.3 _bP433a _222 |
|
| 100 | 1 |
_aPerdomo, Apolinar, _d1882-1918. _eautor _4aut. _980268 |
|
| 245 | 1 | 0 |
_aApolinar Perdomo, otros escritos : _b (poesía, prosa, teatro, drama) / _cApolinar Perdomo ; investigación y selección, Eddy Mateo Vásquez ; prólogo, Mateo Morrison. |
| 264 |
_aSanto Domingo, República Dominicana : _bEditora Búho, _c2019. |
||
| 300 |
_a296 páginas : _bilustraciones, retratos ; _c23 cm. |
||
| 336 |
_atexto _btxt _2rdacontent |
||
| 337 |
_asin mediación _bn _2rdamedia |
||
| 338 |
_avolumen _bnc _2rdacarrier |
||
| 500 | _aIncluye datos biográficos del autor editor en la solapa de la contracubierta. | ||
| 500 | _aLa biblioteca posee la reimpresión del 2021. | ||
| 504 | _aBibliografía: páginas 293-296 | ||
| 505 | 0 |
_aPrólogo. -- _tPresentación. -- _tPoesía. -- _tTeatro y drama. -- _tLa crítica y la obra de teatro de Apolinar Perdomo. -- _tProsa. -- _tTestimonios y homenajes póstumos. -- _tLa crítica literaria y la obra poética de Apolinar Perdomo. -- _tApéndice. -- _tAnexos. -- |
|
| 590 | _aInventariado, 2021 /LP | ||
| 650 | 4 |
_aPoesía dominicana _980279 |
|
| 650 | 4 |
_aTeatro dominicano _980280 |
|
| 650 | 0 |
_aProsa dominicana _912146 |
|
| 700 | 1 |
_aMateo Vásquez, Eddy, _d1954- _eeditor _4ed. _980266 |
|
| 700 | 1 |
_aMorrison, Mateo, _d1947- _eprologuista _91469 _4pr. |
|
| 910 | _aLopérez. Validado. Control de calidad MFF | ||
| 942 |
_2ddc _cLBS1 |
||
| 999 |
_c50774 _d50774 |
||